000 00629nam a2200241Ia 4500
003 OSt
005 20221007071717.0
006 a|||||r|||| 00| 0
007 ta
008 221006b |||||||| |||| 00| 0 eng d
024 _a25,240
037 _cTextual
040 _aFLL
_cFLL
_beng
041 _2eng
_aeng
082 _aZ3,5, L2
100 _aMorris Norval Ed.
_9689272
245 0 _aLaw and crime
260 _aLondon
_bGordon And Breach UK
_c1972
300 _avii,259p
_ccm.
700 _a Perlman Mark
942 _hZ3,5, L2
_cTEXL
_2CC
999 _c1144053
_d1144053